POVAHA A ZMYSEL VEDECKEJ TVORBY : (Sebareflexia vedy ako súčasť výchovy ku kreativite)

Bibliographic Details
Main Author: Kusin, Vasko, 1943- (Author)
Format: Article
Language:Slovak

MARC

LEADER 00000nab a2200000 a 4500
001 vtls011111675
003 SK-MaSNL
005 20260303150825.0
008 230222|1997 xo |||||||||||||||||slo|
015 |a SNBRB 
035 |a (uuid)c138f96d-ba93-4de3-8f26-2c34b44b2316 
035 |a (urnnbn)urn:nbn:sk:snk:ar-a08flz 
035 |a urn:nbn:sk:snk-ab9i84 
040 |a SNKBUCL  |b slo  |c SNKBUCL  |e AACR2 
041 0 |a slo 
044 |a xo  |c SK 
100 1 |a Kusin, Vasko,  |d 1943-  |4 aut  |9 92890 
245 1 0 |a POVAHA A ZMYSEL VEDECKEJ TVORBY :  |b (Sebareflexia vedy ako súčasť výchovy ku kreativite)  |c Vasil Kusin 
773 0 |t Vedecké práce Materiálovotechnologickej fakulty Slovenskej technickej univerzity v Bratislave so sídlom v Trnave  |g Č. 5 (1997), s. 341-344 
954 |a odborná, vedecká literatúra pôvodná (slovenská)  |2 lita 
958 |a OND 
958 |a EUIPO 
958 |a article13 
999 |c 2013739  |d 2015669